[Event "Presov"]
[Site "Presov"]
[Date "1999.08.19"]
[Round "6"]
[White "Votava, Jan"]
[Black "Stohl, Igor"]
[Result "1/2-1/2"]
[WhiteElo "2497"]
[BlackElo "2600"]
[Annotator "Atlas,V"]
[PlyCount "56"]
[EventDate "1999.08.14"]
[EventType "tourn"]
[EventRounds "9"]
[EventCountry "SVK"]
[EventCategory "10"]
[SourceTitle "CBM 073"]
[Source "ChessBase"]
[SourceDate "1999.12.01"]
[SourceVersion "1"]
[SourceVersionDate "1999.12.01"]
[SourceQuality "1"]

1. e4 c5 2. Nf3 d6 3. d4 cxd4 4. Nxd4 Nf6 5. Nc3 e6 6. g4 h6 7. h3 Nc6 8. Bg2
a6 9. Be3 Ne5 10. f4 ({An interesiting attempt to seize initiative. The most
common continuation here is:} 10. Qe2 g5 11. O-O-O (11. f4 gxf4 12. Bxf4 Bd7
13. Nf3 Qc7 14. O-O-O Be7 15. Qf2 O-O-O 16. Nxe5 dxe5 17. Be3 Be8 18. Bb6 {
1-0 Movsesian,S-Mirumian,V/Zagan 1997/CBM 59 ext (18)}) 11... Bd7 (11... Qc7
12. f4 gxf4 13. Bxf4 Bd7 14. Rhf1 {1/2-1/2 Nikolenko,O-Dydyshko,V/Berlin 1995/
CBM 47 ext (14)}) 12. f4 gxf4 13. Bxf4 Rc8 (13... Qc7 14. Nf3 O-O-O 15. Qf2 Be7
16. Qa7 Nxf3 17. Bxf3 Bc6 18. Rd3 Nd7 19. Rhd1 Ne5 20. Bxe5 dxe5 21. Nd5 exd5
22. exd5 e4 23. dxc6 Rxd3 24. cxb7+ Kd7 25. Rxd3+ exd3 26. Qd4+ Bd6 {0-1
Velimirovic,D-Ilincic,Z/Novi Sad 1995/CBM 49 (45)}) 14. Rhf1 Be7 15. Qf2 Rxc3
16. bxc3 Qa5 17. Kb1 Nc4 18. Bc1 Bb5 19. Nb3 Qxc3 20. Qd4 Qb4 21. Rxf6 {
1-0 Wallace,J-Allen,A/Melbourne 1993/EXT 97 (21)}) 10... Nc4 11. Qe2 Nxb2 ({
After} 11... Nxe3 $6 12. Qxe3 $40 {/\e5, /\0-0-0, White obtains dangerous
initiative.}) 12. O-O (12. Rb1 {falls short after} Qc7 (12... Na4 $5 13. Nxa4
Qa5+) 13. Bd2 Nc4) 12... Qc7 13. Ncb5 Qa5 (13... axb5 $5 {was worth
considering:} 14. Qxb5+ (14. Nxb5 $2 Qc4 15. Qxc4 Nxc4 16. Nc7+ Kd8 17. Nxa8
Nxe3 $19) 14... Bd7 15. Qxb2 Be7 16. e5 $13) 14. e5 dxe5 15. fxe5 Nd7 16. Rab1
(16. Nd6+ {deserved attention here:} Bxd6 17. exd6 O-O 18. Rab1 Qc3 $13) 16...
axb5 ({After} 16... Na4 $6 17. Bd2 $36 {White's has dangerous initiative.}) 17.
Rxb2 b4 18. Nb5 Be7 19. Nd6+ Bxd6 20. exd6 Qe5 {[%csl Rb2,Rd6][%cal Ge5b2,
Ge5d6]} (20... O-O $6 {is strongly met by} 21. Qd2) 21. Rxb4 Qxd6 22. c3 O-O
23. h4 $1 {[%csl Rh6][%cal Gg4g5] Beginning the pawn advancement on the
kingside, aimed at opening the h-file and weakening Black's pawn strucrture.} (
23. Bxb7 $2 {is refuted by} Bxb7 24. Rxb7 Qg3+ {, and Black wins.}) 23... Ne5 (
23... Qa6 $5 {deserved here serious attention:} 24. Qxa6 (24. Qf2 {is strongly
met by} Ne5) 24... Rxa6 25. Bxb7 (25. a4 Ne5) 25... Rxa2 26. Bxc8 Rxc8 27. Rb7
Rxc3 28. Rxd7 (28. Bd4 Rcc2 $19 29. Rxd7 $140 Rg2+ 30. Kh1 Rh2+ 31. Kg1 Rag2#)
28... Rxe3 29. Rfxf7 Re1+ 30. Rf1 Re4 {winning}) 24. g5 hxg5 25. hxg5 {[%csl
Rg8][%cal Gb4h4,Ge2h5,Gh4h8]} Qd3 {Trying to decrease White's attacking
chances by trading queens. Yet, also without queens White has great attacking
potential.} 26. Qxd3 Nxd3 27. Rh4 {[%csl Rg8][%cal Gg2e4,Ge4d3,Ge4h7,Gh7g8,
Gh4h7] Threatening 28.Be4.} Ne5 28. Be4 f5 {[%mdl 64] And the draw was agreed.}
(28... g6 $2 {loses to} 29. Bd4) ({After} 28... f5 29. gxf6 (29. Bd4 $2 Ng6 $19
) 29... Rxf6 (29... Rxa2 $4 30. Bh7+ Kf7 31. fxg7+ $18) (29... gxf6 30. Bd4 $1
$40 (30. Kf2 f5 31. Rg1+ Ng4+) 30... Bd7 (30... Rxa2 $2 31. Bxe5 fxe5 32. Rh8+
Kxh8 33. Rxf8+ Kg7 34. Rxc8 $18) 31. Rf2 {/\32.Be5, followed by 33.Rg4+ and 34.
Rh2#.}) 30. Bd4 {White has full compensation for the sacrificed pawn.}) (28...
Ng6 $2 29. Bxg6 fxg6 30. Rh8+ Kxh8 31. Rxf8+ Kh7 32. Bd4 $18) 1/2-1/2

[Event "VISA Nordic GP Final"]
[Site "Gentofte"]
[Date "1999.08.12"]
[Round "6"]
[White "Borge, Nikolaj"]
[Black "Olafsson, Helgi"]
[Result "0-1"]
[WhiteElo "2426"]
[BlackElo "2494"]
[Annotator "Atlas,V"]
[PlyCount "86"]
[EventDate "1999.08.05"]
[EventType "tourn"]
[EventRounds "13"]
[EventCountry "DEN"]
[EventCategory "9"]
[SourceTitle "CBM 073"]
[Source "ChessBase"]
[SourceDate "1999.12.01"]
[SourceVersion "1"]
[SourceVersionDate "1999.12.01"]
[SourceQuality "1"]

1. e4 c5 2. Nf3 d6 3. d4 cxd4 4. Nxd4 Nf6 5. Nc3 a6 6. Be3 e6 7. g4 h6 8. f4 e5
9. Nf5 h5 $1 {This move became very popular after Kasparov played it in his
game against Shirov in Linares, 1998 (see my annotations in CBM 64). Before
this game, the most popular continuation in this position was 9...Nc6 (also
Kasparov's choice) 10.Qf3 (10.Be2 g6 11.Ng3 exf4 12.Bxf4 Ne5 13.Qd4 Be6 14.
0-0-0 Qa5 15.Kb1 Be7 16.Nd5 Bxd5 17.exd5 Nfd7 18.Ne4+/- Shirov A.-Kamsky G./
Monte Carlo (Monaco) 1996.) 10...g6 11.0-0-0 gxf5 12.exf5 e4 13.Nxe4 Nxe4 14.
Qxe4+ Qe7 15.Qd3 Bg7 16.Bd2 0-0 17.g5 hxg5 18.fxg5 Qe5 19.f6 Bf5 20.Qg3 Rfc8
21.Bc3 Nb4 22.Bxe5 Rxc2+ 23.Kb1 Re2+ 24.Ka1 Nc2+ 25.Kb1 Na3+ 1/2-1/2 Anand,
V-Kasparov,G/Dos Hermanas 1996. Other moves played by Black in this position
are: 9...ef4 and 9...g6 - see Hansen's detailed survey in CBM 54.]} 10. h3 ({
White tried several other continuations in this position:} 10. g5 Nxe4 (10...
Ng4 11. Bg1 Bxf5 12. exf5 exf4 13. Nd5 Nd7 14. Qd2 Be7 15. h4 O-O 16. O-O-O f3
17. Nf4 Nde5 18. Nxh5 f6 19. Nf4 Qd7 20. Ne6 Rfc8 {1-0 Rau,J-Hoffmann,H/Wuert
1997/EXT 99 (30)}) 11. Nxe4 Bxf5 12. Bg2 Nc6 13. O-O Qd7 14. fxe5 Nxe5 15. Bf4
Be7 16. Nxd6+ Bxd6 17. Bxe5 Bxe5 18. Qxd7+ Kxd7 19. Rxf5 f6 20. Bxb7 Ra7 21.
Bd5 Bxb2 22. Rd1 Be5 23. gxf6 gxf6 24. Rxh5 Rxh5 25. Bf7+ Kc6 26. Bxh5 {
1/2-1/2 Leko,P-Shirov,A/Polanica Zdroj 1998/CBM 67 noVC (26)}) (10. Nd5 Nxd5
11. Qxd5 Nc6 (11... g6 12. O-O-O gxf5 13. exf5 Nc6 14. Bc4 Qf6 15. fxe5 Nxe5
16. g5 Qxf5 17. Bb3 Qf3 18. Qd2 Qc6 19. Rhf1 Be6 20. Bxe6 fxe6 21. Rf6 O-O-O
22. Rxe6 Bg7 {0-1 Svidler,P-Topalov,V/Elista 1998/CBM 66 ext (22)}) 12. O-O-O
Be6 13. Nxd6+ Bxd6 14. Qxd6 Bxg4 15. Qxd8+ Nxd8 16. Rd6 exf4 17. Bxf4 Ne6 18.
Be5 Bf3 19. Rg1 Bxe4 20. Bh3 Rd8 21. Rb6 Bc6 22. Rb3 Rg8 23. Re3 g6 24. Bf6 Rd6
25. c4 {1-0 Shirov,A-Topalov,V/Monte Carlo 1998/CBM 63 ext (71)}) (10. gxh5
exf4 11. Bxf4 Nxh5 12. Nxd6+ Bxd6 13. Bxd6 Qh4+ 14. Kd2 Qg5+ 15. Ke1 Qh4+ 16.
Kd2 Qg5+ 17. Ke1 Qh4+ {1/2-1/2 Shirov,A-Kasparov,G/Linares 1998/CBM 64 (17)})
10... hxg4 11. Qd3 g6 12. fxe5 dxe5 13. Qxd8+ Kxd8 14. Bg5 Nbd7 15. Rd1 ({If} 
15. O-O-O {then} Kc7 16. Ne3 Bh6 $17) 15... Kc7 16. Ne3 Rh5 $1 (16... Bh6 $2 {
loses after} 17. hxg4 Bxg5 $140 18. Ned5+ $18) 17. Ned5+ Nxd5 18. Nxd5+ Kb8 19.
Bd8 b5 20. Bc7+ Kb7 21. Be2 Rxh3 22. O-O g3 23. b4 (23. Rxf7 $2 {loses to} Bc5+
24. Kg2 Rh2+ 25. Kxg3 Rxe2 $19) 23... Rh2 $1 24. Bg4 Rf2 25. Ba5 ({After} 25.
Rxf2 gxf2+ 26. Kxf2 Nf6 $17 {Black has a large advantage.}) 25... Nb6 26. Bxc8+
$2 ({After this mistake White is lost.} 26. Nxb6 $142 Bxg4 27. Nxa8 Bxd1 28.
Rxd1 Bh6 29. Nc7 Be3 30. Rd3 (30. Nd5 Ba7 $1 {, and White is defenseless.})
30... Re2+ (30... Bd4 31. Rxg3 Rxc2+ 32. Kh1 Rxc7 33. Bxc7 Kxc7 34. Rf3) 31.
Kf1 g2+ 32. Kxe2 g1=Q 33. Rxe3 $13) 26... Nxc8 27. Nc7 Bxb4 $1 28. Bxb4 ({Or} 
28. Nxa8 Bxa5 $19) 28... Kxc7 29. Ba5+ Kc6 30. Rd8 Rxf1+ 31. Kxf1 f5 $1 {
Logical and strong continuation. Black starts advancing his pawn armada on the
king side.} 32. Kg2 f4 33. a3 g5 34. Re8 g4 35. Rxe5 Nd6 36. Re6 Kd7 37. Rg6
Nc4 38. Rg7+ Ke6 39. Bc7 Ra7 $1 {[%csl Rc7][%cal Ga7g7] Preparing the decicive
exchange sacrifice, enabling further advancement of the black pawns.} 40. Rg6+
Kf7 41. Rc6 Rxc7 $1 {[%csl Rg2][%cal Gc4e3,Gf4f3,Gg3g2][%mdl 512] This
exchange sacrifice decides the game on the spot. White cannot prevent further
advancement of the kingside black pawns.} 42. Rxc7+ Ke6 {Threatening 43...Ne3,
followed by 44...e3.} 43. Kg1 f3 {White is defenseless against the threat 44...
f2+ followed by 45...Ne3.} 0-1

[Event "Ptuj zt"]
[Site "Ptuj"]
[Date "1995.??.??"]
[Round "4"]
[White "Luther, Thomas"]
[Black "Atlas, Valeri"]
[Result "1/2-1/2"]
[WhiteElo "2550"]
[BlackElo "2450"]
[Annotator "Atlas,V"]
[PlyCount "60"]
[EventDate "1995.04.??"]
[EventType "tourn"]
[EventRounds "15"]
[EventCountry "SLO"]
[EventCategory "10"]
[SourceTitle "CBM 047"]
[Source "ChessBase"]
[SourceDate "1995.08.01"]
[SourceVersion "1"]
[SourceVersionDate "1995.08.01"]
[SourceQuality "1"]

1. e4 c5 2. Nf3 e6 3. d4 cxd4 4. Nxd4 Nf6 5. Nc3 d6 6. g4 h6 7. h4 Be7 8. g5
hxg5 9. Bxg5 Nc6 10. Qd2 d5 $1 $146 (10... Qb6 11. Nb3 $14 {/\0-0-0}) 11. O-O-O
(11. exd5 Nxd5 (11... exd5 12. O-O-O Bg4 13. Re1 $14) 12. Nxc6 (12. Bxe7 Ndxe7
13. O-O-O Qxd4 14. Qxd4 Nxd4 15. Rxd4 Bd7 $15) 12... bxc6 13. Bxe7 (13. Ne4 f5
(13... f6 14. Be3 g5 15. O-O-O) (13... Bxg5 14. Nxg5 Qf6 15. c4 (15. O-O-O Rb8
16. c4 Nb4 17. Qd8+ Qxd8 18. Rxd8+ Kxd8 19. Nxf7+ Ke7 20. Nxh8 Nxa2+ 21. Kb1
Nc3+ 22. Kc2 Ne4) 15... Qe5+ 16. Be2 Nf4) 14. Bxe7 Qxe7 15. Ng3 (15. Ng5 Qb4
16. c3 Qf4 17. Qxf4 Nxf4 18. Nf3 Ng6 19. O-O-O e5 20. Nxe5) 15... Rxh4 16. c4
Rxh1 17. Nxh1 Nb6 18. O-O-O $15) 13... Qxe7 $10) (11. Nxc6 bxc6 12. O-O-O Rb8
$132) 11... dxe4 (11... Nxe4 12. Nxe4 dxe4 (12... f6) 13. Bxe7 Qxe7 (13... Qxd4
14. Qg5 $1 $16) 14. Nxc6 bxc6 15. Qc3 O-O 16. Bg2 $14) 12. Bb5 (12. Nxc6 Qxd2+
13. Rxd2 bxc6 14. Bg2 (14. Bxf6 Bxf6 15. Nxe4 Be5 $1 $15) 14... Nd5 (14... Bb4
15. Bxe4) 15. Nxe4 $13 f6 16. Be3 f5 (16... Nxe3 17. fxe3) 17. Ng5) 12... Bd7 (
12... Qb6 13. Bxf6 Bxf6 14. Nxe4 Bxd4 15. Bxc6+ bxc6 16. Nd6+ Kf8 17. Qxd4 Qxd4
18. Rxd4 $10) 13. Qe2 (13. Qe3 Qb6 (13... Nd5 14. Qxe4 Bxg5+ (14... Nxc3 15.
bxc3 Bxg5+ 16. hxg5 Rxh1 17. Rxh1 Qxg5+ 18. f4) 15. hxg5 Qxg5+ 16. f4) 14. Nxe4
{to analyze}) 13... Qb6 14. Bxc6 (14. Be3 Qc7 $15) 14... bxc6 (14... Bxc6 $5
15. Nxc6 (15. Be3 Bc5) 15... Qxc6 16. Rhe1 $6 (16. Bxf6 gxf6 (16... Bxf6 17.
Nxe4 Be7 18. h5 Rd8 19. Qg4) 17. Nxe4 f5 (17... Rd8 18. h5 Rxd1+ 19. Rxd1 f5
20. Nc3) 18. Ng3) 16... Bb4 17. Bxf6 gxf6 18. Qxe4 Bxc3 $15) 15. Nxe4 c5 (15...
Rb8 16. Nb3 c5) 16. Nf3 Rb8 (16... Nxe4 $1 17. Qxe4 (17. Bxe7 Rb8 $1 $17 (17...
Kxe7 18. Qxe4 Bc6)) 17... Rb8 18. b3 Bc6 19. Qe2 (19. Qe3 Qb7 $17) (19. Qf4 Qb7
20. Ne5 Bxg5 21. Qxg5 Bxh1 22. Qxg7 Rf8 23. Nc4 Qf3 24. Qe5) 19... Qb7 20. Rh3
$15) 17. b3 Bb5 (17... Nxe4 $1 18. Qxe4 Bc6 19. Qe2 Qb7 20. Rh3 f6 21. Bd2 e5
$13) 18. c4 Bc6 19. Nd6+ $6 (19. Nxf6+ gxf6 20. Bf4 Qb7 (20... e5 21. Nxe5 $1
$14) (20... a5 $1 $15 {/\a4}) 21. Rh3 $10) 19... Bxd6 $17 20. Rxd6 Ne4 $1 21.
Rhd1 Nxd6 22. Rxd6 Qc7 (22... O-O 23. Ne5 Rbc8 24. Nd7 Bxd7 (24... Qc7 $2 25.
Nf6+ $18) 25. Rxb6 axb6 $10) 23. Qe5 {/\Re6} O-O (23... Rc8 $2 24. Rd8+ $1 Qxd8
25. Bxd8 Rxd8 26. Qxg7 Rf8 27. Ne5 $18) 24. Nh2 (24. Qxc5 Rfc8 25. Ne5 Be8 26.
Qd4 Rb6 $17) 24... Bd7 (24... Be4 25. Bf6 (25. Ng4 f6 (25... Rb6 26. Nf6+ gxf6
27. Bxf6 Rxd6 28. Qg5+ Bg6 29. Qh6 Rd1+ 30. Kxd1) (25... Bf5 26. Nf6+ (26. Bf6
Qa5 27. Nh6+ gxh6 28. Qg3+ Bg6 (28... Bg6) 29. h5) 26... gxf6 27. Qxf6 Qxd6 28.
Bh6 Qd4) 26. Qxe6+ (26. Nxf6+ gxf6 27. Qxe4 fxg5) (26. Bxf6 Rxf6 (26... Bf5)
27. Nxf6+ gxf6 28. Qxe6+) 26... Qf7 27. Qxe4 fxg5 28. Nh6+ gxh6 29. Rg6+) 25...
gxf6 26. Qxf6 Qxd6 $19) 25. Bf6 gxf6 26. Qxf6 Qd8 (26... Rfd8 27. Ng4 Qxd6 28.
Qh6 Qd4 29. Nf6+ Qxf6 30. Qxf6 $10) (26... Rfc8 $5 27. Ng4 Qxd6 28. Nh6+ Kh7
29. Nxf7 Qf8) 27. Qh6 (27. Ng4 Qxf6 28. Nxf6+ Kg7 29. Nxd7 Rfd8 30. Rd3 Rbc8
31. Nxc5 $15) 27... Rb6 28. Rxb6 axb6 29. Ng4 f6 30. Qg6+ Kh8 1/2-1/2

[Event "St Petersburg-ch"]
[Site "St Petersburg"]
[Date "1996.??.??"]
[Round "3"]
[White "Svidler, Peter"]
[Black "Nepomnishay, Mikhail I"]
[Result "1-0"]
[WhiteElo "2650"]
[BlackElo "2480"]
[Annotator "Atlas,V"]
[PlyCount "41"]
[EventDate "1996.04.??"]
[EventType "tourn"]
[EventRounds "13"]
[EventCountry "RUS"]
[EventCategory "11"]
[SourceTitle "CBM 056"]
[Source "ChessBase"]
[SourceDate "1997.02.01"]
[SourceVersion "1"]
[SourceVersionDate "1997.02.01"]
[SourceQuality "1"]

1. e4 c5 2. Nf3 d6 3. d4 cxd4 4. Nxd4 Nf6 5. Nc3 a6 6. Be3 e6 7. g4 b5 8. g5
Nfd7 9. a3 Bb7 (9... Nb6 10. Qg4 $1 N8d7 11. Rd1 Ne5 12. Qg3 Qc7 13. f4 Nec4
14. Bc1 Bb7 15. Bg2 $16 {Aseev,K-Sakaev,K/URS-ch/ 1991}) 10. h4 Nb6 (10... Nc6
11. h5 Nxd4 12. Qxd4 Ne5 13. O-O-O Nc6 14. Qd2 Rc8 15. Rh3 $16 {Renet,O -
Summermatter,D/ SWZ-chI (08)/ 1992/ 1-0/ 25}) 11. h5 N8d7 12. g6 $1 {The
strongest continuation. This excellent move was introduced into tournament
practice by Michael Adams.Preparement of the pawn breakthrough by 12. Rh3 or
12. Rg1 does not promise to White any advantage: 12. Rh3 d5 13. exd5 Nxd5 14.
Nxd5 Bxd5 <=> Mainka,R- Espig,L Dortmund B 1990, or} (12. Rg1 g6 13. Rh1 Bg7 (
13... Rg8 14. hxg6 hxg6 15. Rh7 Bg7 16. Qf3 Nf8 17. Rxg7 Rxg7 18. O-O-O Rh7 19.
Ndxb5 axb5 20. Bxb5+ Nbd7 21. Rxd6 Rc8 {-/+ Vuruna,M-Cvetkovic,S/Beograd (C.
Zvezda) 1977}) 14. hxg6 hxg6 15. Rxh8+ Bxh8 16. Qg4 Qe7 17. O-O-O Rc8 18. f4
Rxc3 19. bxc3 Bxe4 20. Qh3 Bg7 21. Kd2 d5 $17 {Torre,E-Espig,L/Polanica Zdroj
1977}) 12... hxg6 13. hxg6 {[%csl Re6,Rf7]} Rxh1 14. gxf7+ Kxf7 ({The only
move. After} 14... Ke7 15. Qg4 Qc8 16. Qxe6+ Kd8 17. Qe8+ Kc7 18. Ne6+ {
Black's position is simply unbearable:} Kb8 (18... Kc6 19. Nd5 Rxf1+ 20. Kxf1
Nxd5 21. exd5+ Kxd5 22. Nxf8 Kc6 (22... Ne5 23. Rd1+ Ke4 24. Rd4+ Kf5 25. Rf4+
{1-0 Kotronias,V-Georgiev,K/Karditsa 1994}) 23. Qe4+ Kc7 24. Ne6+ Kb8 25. Qf4
Qc4+ 26. Qxc4 bxc4 27. f8=Q+ Nxf8 28. Nxf8 Be4 29. Ne6 Bb7 30. Nd4 {1-0
Forster-Weigler/SMM/5, SW 1993}) 19. Nxf8 Nxf8 20. Bxb6 Bc6 21. Qe7 Nd7 22.
Qxd6+ Kb7 23. Bd4 {+/-/+-Zontakh,A-Sakaev,K/St-Peterburg 1994}) 15. Qf3+ Nf6 ({
A new move, although one known might have been a better idea.} 15... Qf6 16.
Qxh1 Ne5 17. Nxe6 Qxe6 18. Bxb6 $16 {Adams,M-Hansen,C/Wijk aan Zee 1991}) 16.
Qxh1 Qc7 17. Nf3 $1 ({White keeps a clear advantage after} 17. Bh3 Re8 18. Nf3
Bc8 19. Ng5+ {, but the move chosen by Svidler is undoubtedly the strongest.})
17... Kg8 18. Ng5 Re8 19. O-O-O $1 {Preparing the decisive mobilization at
h-file.} d5 $2 (19... g6 $142 $16 {/+-}) 20. Qh3 $1 Bc8 (20... Bxa3 $2 21. Bxb6
$18) 21. Bxb5 $1 {[%cal Gd1h1,Gh1h8] The final blow. Now after 21...ab5 (21...
e5 22.Qh4) 22.Rh1 mate is inevitable.} 1-0

[Event "Excelsior Cup"]
[Site "Gothenburg"]
[Date "1999.01.07"]
[Round "1"]
[White "Hector, Jonny"]
[Black "Rytshagov, Mikhail"]
[Result "1/2-1/2"]
[WhiteElo "2542"]
[BlackElo "2533"]
[Annotator "Atlas,V"]
[PlyCount "58"]
[EventDate "1999.01.07"]
[EventType "tourn"]
[EventRounds "9"]
[EventCountry "SWE"]
[EventCategory "10"]
[SourceTitle "CBM 069"]
[Source "ChessBase"]
[SourceDate "1999.04.01"]
[SourceVersion "1"]
[SourceVersionDate "1999.04.01"]
[SourceQuality "1"]

{[%mdl 2048]} 1. e4 c5 2. Nf3 d6 3. d4 cxd4 4. Nxd4 Nf6 5. Nc3 e6 6. g4 h6 7.
h4 Be7 8. Bg2 Nc6 9. g5 hxg5 10. hxg5 Rxh1+ 11. Bxh1 Nh7 12. f4 Nxd4 (12... Nf8
13. Nf3 Qb6 14. Qd3 Bd7 15. a3 Rc8 16. b3 Ng6 17. Bd2 a6 18. Ne2 Qc7 19. Bg2 d5
20. exd5 exd5 21. Qxd5 Bg4 22. Qe4 {1-0 Tal,M-Jansa,V/Tallinn 1983/MCD (32)}) (
12... g6 13. Qd2 (13. e5 dxe5 14. Nxc6 bxc6 15. Qxd8+ Kxd8 16. Bxc6 Rb8 17. Be3
Kc7 18. Ba4 Rb4 19. fxe5 Nxg5 20. O-O-O a6 21. Be8 Nf3 22. Bxf7 Nxe5 23. Be8 g5
24. a3 Rxb2 {1/2-1/2 Kruppa,Y-Epishin,V/Minsk 1990/CBM 17 (41)}) 13... e5 14.
Nxc6 bxc6 15. Qh2 Nf8 16. fxe5 dxe5 17. Qxe5 Qb6 18. Qg3 Ba6 19. Bd2 O-O-O 20.
O-O-O Ne6 21. Bg2 Rxd2 22. Rxd2 Bxg5 23. Bh3 Bxd2+ 24. Kxd2 Qd4+ {1/2-1/2
Kruppa,Y-Razuvaev,Y/Irkutsk 1986/TD (28)}) 13. Qxd4 e5 14. fxe5 Nxg5 (14...
Bxg5 15. Bxg5 Qxg5 16. exd6 Qh4+ 17. Kd2 Qf4+ 18. Kd3 Qg3+ 19. Kc4 Be6+ 20. Kb4
Rc8 21. Rg1 Rc4+ 22. Kb5 Qh2 23. d7+ Kd8 24. Qxa7 {1-0 Lobron,E-Spraggett,K/
Dortmund 1984/MCL/[ChessBase] (58)}) 15. exd6 ({This continuation does not
promise White an advantageous play.} 15. Be3 Ne6 16. Qd5 Bg5 $1 17. Bf2 {
sharp complications led to equality:} dxe5 18. Qxe5 Qd2+ 19. Kf1 Qxc2 20. Nd5
Bd7 21. Kg1 Bc1 22. Bf3 Bxb2 23. Qd6 Bf6 24. Kg2 Qc6 25. Qa3 Qa4 26. Qd6 Qc6
27. Qa3 Nf4+ 28. Kh1 Ne6 29. Kg2 {1/2-1/2 Van den Doel,E-Rytshagov,M/Amsterdam
1995/EXT 97/(29)}) 15... Ne6 16. Qd3 Bxd6 {[%csl Re1,Rh1][%cal Gd8h4,Gh4e1,
Gh4h1] Threatening ...Qh4+.} (16... Qxd6 $5 $11 {also deserved seruous
attention here.}) 17. Be3 {The only move, allowing to keep balance.} Qh4+ 18.
Kd2 Qh2+ 19. Qe2 (19. Ne2 {allows a very unpleasant knight thrust} Nf4 $40 {
In the occuring ending both sides has equal chances.}) 19... Qxe2+ 20. Nxe2 (
20. Kxe2 {is strongly met by} Be5 ({Certainly, not} 20... b6 $4 {/\Ba6+} 21. e5
$18)) 20... Be5 21. c3 b6 22. Bd4 f6 23. Bf3 Ba6 24. Bg4 Ke7 ({After the text
move the draw is inevitable. An interesting attempt to complicate the game
consistent in} 24... Nf4 $5 25. Bxe5 (25. Rh1 Kf7) (25. Rf1 Rd8 $36 (25... Nd3
$5)) 25... fxe5 26. Nxf4 exf4) 25. Bxe5 fxe5 26. Bxe6 Kxe6 27. Rg1 Rh8 (27...
Rd8+ {is met by} 28. Ke1 (28. Ke3 $2 Rd3+ 29. Kf2 Rd2 $19) 28... Rd3 29. Nc1 $5
(29. Rg3) (29. b3 $5 Re3 30. c4) 29... Re3+ $140 30. Kd2 Rxe4 31. Rxg7) 28. b3
$1 ({Certainly not} 28. Rxg7 $4 Rh2 {winning. The text move creates the threat
d3-c4, hence Black should exchange his active bishop for the knight forcing a
draw.}) 28... Bxe2 (28... Rh2 29. c4) 29. Kxe2 Rh2+ 1/2-1/2

[Event "Cutro 05th"]
[Site "Cutro"]
[Date "1999.04.28"]
[Round "6"]
[White "Zontakh, Andrey"]
[Black "Georgiev, Krum"]
[Result "0-1"]
[WhiteElo "2530"]
[BlackElo "2490"]
[Annotator "Atlas,V"]
[PlyCount "60"]
[EventDate "1999.04.??"]
[EventType "tourn"]
[EventRounds "11"]
[EventCountry "ITA"]
[EventCategory "10"]
[SourceTitle "CBM 071"]
[Source "ChessBase"]
[SourceDate "1999.08.01"]
[SourceVersion "1"]
[SourceVersionDate "1999.08.01"]
[SourceQuality "1"]

1. e4 c5 2. Nf3 d6 3. d4 cxd4 4. Nxd4 Nf6 5. Nc3 a6 6. Be3 e6 7. g4 b5 8. g5
Nfd7 9. h4 Bb7 10. a3 Be7 (10... Nc6 11. h5 Nxd4 12. Qxd4 Ne5 13. Be2 Nc6 14.
Qd2 Be7 15. Rg1 Qa5 16. f4 b4 17. Nd1 d5 18. exd5 exd5 19. Bd3 O-O-O 20. Kf1 {
1-0 Chandler,M-Yasseen,A/Luzern 1982/EXT 97-B (44)}) 11. Rg1 (11. Qg4 Nc6 (
11... Ne5 12. Qg3 Qc7 13. O-O-O Nbd7 14. Kb1 Nb6 15. f4 Nec4 16. Bc1 Rc8 17.
Rh3 d5 18. Bxc4 Nxc4 19. exd5 Bxd5 20. Nxd5 exd5 21. h5 O-O {0-1 Dobrowolski,
P-Pieniazek,A/Krynica 1997/CBM 61 ext (42)}) 12. O-O-O (12. Nxc6 Bxc6 13. O-O-O
Rb8 14. Qg3 Qc7 15. h5 a5 16. b4 axb4 17. axb4 Rc8 18. Bd3 Ne5 19. Kd2 O-O 20.
Bd4 Bxg5+ 21. f4 Bh6 22. Ke2 Nxd3 23. cxd3 f6 {0-1 Kotronias,V-Georgiev,K/Ano
Liosia 1997/EXT 98 (32)}) 12... Nce5 13. Qg2 Rc8 14. f4 Nc4 15. Bxc4 Rxc4 16.
f5 Nc5 17. g6 hxg6 18. fxg6 Rxc3 19. gxf7+ Kxf7 20. bxc3 Qa5 21. h5 Rxh5 22.
Rxh5 Qxa3+ 23. Kb1 Na4 24. Rf1+ Bf6 25. Rxf6+ Kg8 26. Rh8+ {1-0 Popovic,
P-Georgiev,K/Thessaloniki 1988/TD (26)}) 11... Nc6 12. Nxc6 $6 {White's plan
based on setting his queen in the center, yields Black a good counterplay.}
Bxc6 13. Qd4 O-O 14. O-O-O Qc7 15. h5 Nc5 16. f3 (16. h6 e5 17. Qd2 Nxe4 $17)
16... Rfd8 17. Kb1 Rab8 {[%csl Rb4][%cal Ga6a5,Gb5b4] Preparing advnacement of
the a- and b-pawns yielding Black dangerous initiative on the queenside.} 18.
h6 (18. g6 {is strongly met by} Bf6) 18... Bf8 19. b4 $6 (19. Rd2 $4 {loses
immediately in view of} e5 20. Qb4 a5) (19. Qd2 {was to be preferred, although
after} a5 {Black has excellent attacking prospects.}) 19... a5 $1 20. g6 {
This desperate attempt to breakthrough on the kingside is convincingly refuted
by Black.} ({Certainly, not} 20. bxc5 $2 dxc5 $19) 20... hxg6 21. Bg5 {
Threatening 22.Bd8 Rd8 23.bc5+-.} Rd7 (21... f6 $2 {yields White strong attack
after} 22. Bxf6 (22. hxg7 $5 $40) 22... gxf6 23. Qxf6 $40) 22. hxg7 (22. bxc5 {
fails to} dxc5 23. Qe3 b4 $1 24. Rxd7 bxc3+) 22... Bxg7 23. e5 axb4 (23... Bxe5
{was another option:} 24. Bf6 Bxf3 $1 (24... Bxd4 $2 25. Rxd4 Qd8 (25... Bxf3
$2 26. Rh4 Bh5 27. Rxh5 {, with inevitable mate on h8.}) 26. Bxd8 Rbxd8 27.
bxc5 dxc5 28. Rxd7 Rxd7 29. Bxb5) 25. Qh4 Bxf6 26. Qxf6 Bxd1 27. Nxd1 (27. Rh1
Bh5) 27... Qd8 $19) 24. exd6 (24. axb4 Bxe5 (24... Na4 $40) 25. Bf6 Bxf3) 24...
Qa7 25. Bf6 Na4 $1 {[%csl Rc3,Rd4][%cal Ga7d4,Ga4c3,Gg7c3,Gb4c3] This knight
thrust deprives White of last chances.} 26. Qxa7 Rxa7 (26... Nxc3+ 27. Bxc3
Rxa7 28. Bxb4) 27. Bxg7 Nxc3+ 28. Bxc3 bxc3 {[%csl Ra3,Rb1][%cal Gb8a8,Ga8a1]}
29. d7 (29. Ka2 b4 (29... Bd5+ $19)) 29... Bxd7 30. Rg4 Rxa3 $1 {[%mdl 4]} (
30... Rxa3 $1 31. Rxd7 Rba8 {, and White is defenseless against the threat ...
Ra1#.}) 0-1